| 000 | 00911nam a2200229 i 4500 | ||
|---|---|---|---|
| 001 | 163845 | ||
| 003 | ES-MaACL | ||
| 005 | 20260204131330.0 | ||
| 008 | 931025s1906 sp f |||| | spa d | ||
| 100 | 1 |
_aRodríguez y Fernández, Ildefonso. _998869 |
|
| 245 | 1 | 0 |
_aPrehistoria : _bensayo de metodización / _cpor D. Ildefonso Rodríguez y Fernández. |
| 260 |
_aMadrid : _bLibrería Internacional de Adrián Romo, _c1906 ( _fImp. de Bernardo Rodríguez) |
||
| 300 |
_a712 p., XVIII h. de lám. ; _c22 cm. |
||
| 530 | _aDisponible en formato digital. | ||
| 650 | 4 |
_aPrehistoria. _916343 |
|
| 651 |
_aTierra (Planeta)- _xOrigen. _917538 |
||
| 752 |
_aEspaña - _dMadrid |
||
| 852 |
_aES-MaACL _jB-11219 _zEncuadernación holandesa _cSPB |
||
| 856 | 4 |
_uhttps://bibliotecadigital.jcyl.es/es/consulta/registro.do?id=33113 _yBiblioteca Digital de Castilla y León |
|
| 942 | _2udc | ||
| 999 |
_c163845 _d163845 |
||